[Event "MTV Ingolstadt 1-SK Landau-Dingolfing 1"]
[Site "?"]
[Date "2025.02.02"]
[Round "6.1"]
[White "Albrecht, Manuel"]
[Black "Lechermann, Markus"]
[Result "1-0"]
[WhiteElo "1928"]
[BlackElo "2093"]
[Annotator "Stockfish 17"]
[PlyCount "69"]
[EventDate "2025.??.??"]
[WhiteTeam "SK Landau-Dingolfing 1"]
[BlackTeam "MTV Ingolstadt 1"]

{[%evp 19,69,59,61,56,78,78,96,52,101,105,109,106,260,259,335,318,304,303,377,
372,379,375,376,366,360,360,363,373,384,369,376,356,389,284,332,260,404,372,
349,346,373,365,362,368,407,328,330,320,29988,29989,29989,29990]} 1. e4 c5 2.
Nf3 e6 3. b3 (3. d4 cxd4 4. Nxd4 Nf6 5. Nc3 d6 {ist ein größerer
Variantenkomplex}) 3... a6 4. Bb2 Nc6 (4... d5 5. exd5 exd5 6. Qe2+ Be6 7. g3
Nc6 8. Bh3 Qe7 9. Bxe6 Qxe6 10. Qxe6+ fxe6 11. O-O {Garbarino,R 2325 -
Bronstein,L 2415 Casilda 1984}) 5. c4 d6 6. d4 cxd4 7. Nxd4 Bd7 $14 {der
Aufbau kam schon einige Male vor und ist für Weiß gut spielbar} 8. Be2 Nf6 9.
Nc3 Be7 10. O-O O-O 11. Nc2 Qc7 12. Rc1 Rfd8 (12... Ne5 $142 13. Kh1 Ng6 14. f4
Rac8 $14) 13. Ne3 Rac8 {[#]} 14. Ncd5 $1 {[%mdl 512] ein typisches Opferangebot
} exd5 15. cxd5 {[%mdl 64] Abzugsangriff} Nxe4 $2 $18 {ist ein grober Fehler} (
15... Qa5 16. Nc4 Qc7 17. dxc6 Bxc6 $14 {war wesentlich besser}) 16. dxc6 $18
Be6 (16... bxc6 17. Nd5 cxd5 18. Rxc7 Rxc7 19. Qxd5 Nc5 $18 {war auch nur ein
betrüblicher Ausweg}) 17. Nd5 Bxd5 18. Qxd5 Nf6 19. Bxf6 Bxf6 20. cxb7 Qxc1
21. Rxc1 Rxc1+ 22. Bf1 Rc5 {Schwarz hat wohl 2 Türme für die Dame, ab da
gibt es auch den Freibauern b7} 23. Qe4 a5 24. g3 g6 25. a4 Kg7 26. Bb5 Be5 27.
f4 f5 (27... Bf6 $142 28. Bc4 Kf8) 28. Qe3 Bf6 29. Kg2 Rb8 30. Ba6 h5 31. Qe6
Rd8 32. Bc4 {[#] Schwarz muss nun Df7+ beachten.} Rc7 33. Qd5 Rc5 $2 (33... Rb8
$18 34. Ba6 (34. Qxa5 Rcxb7 35. Qd5 Rd7 $18) (34. Qxd6 Rbxb7 35. Kf3 Re7 $14)
34... Bc3) 34. Qf7+ {#10} Kh6 35. Qxf6 1-0

[Event "MTV Ingolstadt 1-SK Landau-Dingolfing 1"]
[Site "?"]
[Date "2025.02.02"]
[Round "6.2"]
[White "Glawe, Ralf"]
[Black "Popp, Michael"]
[Result "1-0"]
[WhiteElo "2003"]
[BlackElo "1973"]
[Annotator "Stockfish 17"]
[PlyCount "79"]
[EventDate "2025.??.??"]
[WhiteTeam "MTV Ingolstadt 1"]
[BlackTeam "SK Landau-Dingolfing 1"]

{[%evp 15,79,102,106,122,109,118,253,252,238,247,271,254,251,249,314,255,272,
247,241,250,287,265,371,365,372,318,367,354,349,319,308,308,350,312,313,284,
290,286,283,263,268,259,249,231,296,296,341,339,433,309,340,204,239,0,0,-183,
-171,-185,-175,-159,-11,-347,-221,-464,-454,-454]} 1. e4 e6 2. d4 d5 3. Nd2 Nf6
(3... c5 4. Ngf3 cxd4 5. exd5 Qxd5 6. Bc4 Qd7 7. O-O Nc6 $11) 4. e5 Nfd7 5. Bd3
c5 6. c3 Nc6 7. Ne2 f6 $6 (7... cxd4 8. cxd4 f6 9. exf6 Nxf6 10. Nf3 Bd6 11.
O-O Qc7 12. Nc3 {ist ein vielgespieltes System}) 8. Nf4 $1 Qe7 9. Nf3 (9. exf6
Qxf6 10. Nf3 Bd6 11. Nh5 Qe7 12. O-O O-O {Rozentalis,E-Mann,Chr BL 1994}) 9...
cxd4 (9... fxe5 10. Ng6 (10. dxe5 $1 Ndxe5 11. Nxe5 Nxe5 12. Qh5+ $16 {mit
großem Vorteil war viel stärker}) 10... hxg6 11. Bxg6+ Kd8 12. Bg5 Nf6 13.
dxe5 Kc7 14. O-O $6 {Tukmakov,V-Zilbermann,N Kiev 1966} (14. h4 $142 $13)) 10.
cxd4 f5 $2 (10... Ndxe5 $16 11. dxe5 fxe5 12. Nxe5 Nxe5 13. Qh5+ Nf7 14. O-O
$16) 11. O-O $18 g6 12. h4 Bg7 13. Be3 Nf8 14. Rc1 Bd7 15. a3 a6 16. b4 h6 17.
Nh3 Rc8 18. Rc5 Nb8 19. Rxc8+ Bxc8 20. Qb3 Nfd7 21. Nf4 Kf7 22. h5 Nf8 23. Rc1
Qd8 24. hxg6+ Nxg6 25. Nxg6 Kxg6 26. g4 {[#] Droht gxf5+ und aus.} Nc6 27.
gxf5+ exf5 28. Kf1 Rf8 29. Ke2 Kh7 30. Rh1 Rh8 31. Qc2 Ne7 32. Qc1 {[%cal
Re3h6]} (32. Bg5 $1 {kam sehr in Frage}) 32... Qb6 33. Rh5 (33. Bg5 $1 Bf8 34.
Bf6 $18) 33... Kg8 34. Nh4 $2 {vergibt den Sieg} (34. Qc5 $18 Qxc5 35. bxc5)
34... f4 $1 $11 {[#] zielt auf ...Lg4+ ab.} 35. Qg1 $2 {ein Fehler zieht oft
den nächsten nach sich. Weiß gerät sogar in Verlustgefahr} (35. Bf5 Qb5+ 36.
Ke1 Qe8 37. Bxc8 Qxh5 $11) 35... fxe3 $19 36. Kxe3 Bd7 37. f4 Be8 $2 (37... Kf8
$142 $17 {Weiss muss nun ...Tg8 beachten.} 38. Nf3 Be8 $19 {bleibt auf
Gewinnkurs}) 38. f5 $2 {[%mdl 8192]} (38. Nf5 Nxf5+ 39. Rxf5 $11) 38... Kf8 ({
Weniger gut wäre} 38... Bxh5 39. f6 $11) 39. f6 $2 (39. Ng6+ Bxg6 40. fxg6)
39... Bxf6 $1 40. exf6 $19 {[%csl Gf6][%cal Rg1g7][%mdl 32768] Schwarz steht
klar auf Gewinn. Überschritt vermutlich die Bedenkzeit} 1-0

[Event "MTV Ingolstadt 1-SK Landau-Dingolfing 1"]
[Site "?"]
[Date "2025.02.02"]
[Round "6.3"]
[White "Schultes, Christoph"]
[Black "Eichschmied, Patrick"]
[Result "0-1"]
[WhiteElo "1961"]
[BlackElo "1947"]
[Annotator "Stockfish 17"]
[PlyCount "98"]
[EventDate "2025.??.??"]
[WhiteTeam "SK Landau-Dingolfing 1"]
[BlackTeam "MTV Ingolstadt 1"]

{[%evp 17,98,19,24,21,21,17,24,-36,-40,-33,-33,-51,-20,-22,-22,-22,-24,-38,-21,
-26,-44,-241,-221,-239,-239,-231,-186,-248,-192,-275,-265,-271,-268,-279,-258,
-290,-285,-283,-285,-267,-271,-361,-361,-363,-355,-349,-338,-376,-333,-384,
-379,-363,-368,-384,-380,-416,-414,-412,-409,-399,-396,-437,-430,-435,-431,
-430,-426,-433,-430,-442,-434,-460,-457,-448,-423,-473,-464,-494,-495,-504,
-498,-539,-525]} 1. d4 Nf6 2. c4 e6 3. Nf3 d5 4. g3 dxc4 5. Bg2 c5 6. O-O Nc6
7. Ne5 Bd7 8. Na3 cxd4 9. Naxc4 Be7 10. Qb3 Qc7 (10... Qc8 11. Bf4 O-O 12. Rac1
Nd5 13. Rfd1 Nxf4 14. gxf4 {Piket,J-Van Wely,L m 1997}) 11. Bf4 Nd5 12. Rac1 {
[#] Und Lxd5 würde nun gewinnen.Weiß hat minimalen Vorteil.} (12. Nxc6 Nxf4
13. Nxe7 Nxg2 14. Rfd1 Qc5 15. Rac1 $11) 12... Nxf4 13. gxf4 O-O 14. Rfd1 Rfd8
15. Nxc6 bxc6 16. Rxd4 $11 Bc5 17. Rxd7 Qxd7 18. Ne5 $1 {[%cal Re5d7][%mdl 64]
Doppelangriff} Qd6 19. Nd3 $2 {[#]} (19. e3 $142 $11) 19... Rab8 $1 20. Qa4 Bd4
21. Rxc6 Qd7 (21... Qe7 $142 $1) 22. b3 (22. b4 {war nötig.}) 22... Rb6 23.
Qc4 (23. Rc4 $142 Rd6 24. Qxd7 R6xd7 25. Bc6) 23... Rxc6 $19 24. Bxc6 Qc7 25.
b4 g6 26. a4 Bf6 27. Qc5 Rc8 28. b5 Qa5 $19 {der Gewinn erfordert noch viel
Arbeit} 29. Qb4 Qxb4 30. Nxb4 {[%mdl 4096] Endspiel KTL-KLS} Rd8 31. Nd3 Bc3
32. Nc5 Rd4 33. e3 Rd1+ 34. Kg2 Ra1 35. Nd7 Ba5 36. Ne5 Bb6 37. Be8 f6 38. Nd7
Kg7 39. Nxb6 axb6 {KT-KL. Schwarz steht klar auf Gewinn.} 40. Kf3 Rxa4 41. Bc6
Kf7 42. h3 Ke7 43. h4 Kd6 44. Be8 Ra8 45. Bc6 Rc8 46. Be4 f5 47. Bd3 Rc3 48.
Bf1 Kc5 49. Kg3 h5 0-1

[Event "MTV Ingolstadt 1-SK Landau-Dingolfing 1"]
[Site "?"]
[Date "2025.02.02"]
[Round "6.4"]
[White "Holgert, Michael"]
[Black "Hirtreiter, Alexander"]
[Result "1-0"]
[WhiteElo "2001"]
[BlackElo "1912"]
[Annotator "Stockfish 17"]
[PlyCount "95"]
[EventDate "2025.??.??"]
[WhiteTeam "MTV Ingolstadt 1"]
[BlackTeam "SK Landau-Dingolfing 1"]

{[%evp 9,95,30,29,18,27,26,35,-9,-4,-5,-9,-9,74,76,72,72,76,71,72,70,80,75,70,
67,88,63,103,97,94,44,43,38,55,36,60,45,139,67,69,48,68,57,52,54,64,48,50,-30,
56,-49,-46,-74,-74,-76,-69,-78,559,549,541,532,616,615,596,612,609,603,606,590,
605,596,600,592,622,616,628,630,638,622,688,620,666,664,673,638,685,681,680,
666]} 1. d4 d5 2. Bf4 e6 3. e3 Bd6 4. Nf3 Bxf4 5. exf4 Nf6 6. c3 Qd6 7. Ne5 c5
8. Qa4+ Bd7 9. Qa3 b6 10. Nd3 {[%cal Rd4c5]} Bb5 $6 (10... Bc6 $11) 11. dxc5
$16 bxc5 12. Qxc5 Qxc5 13. Nxc5 Bxf1 14. Rxf1 O-O 15. Nd2 Rc8 16. Nd3 Nbd7 17.
f3 Rab8 18. Nb3 Ne8 19. Ke2 $14 Nd6 20. Rab1 Rc7 21. Rfc1 g6 22. Rc2 f6 $6 (
22... Nc4 $14) 23. Rbc1 ({Günstiger ist} 23. Re1 $16) 23... Nc4 $14 24. Nd2
Ndb6 25. Nb1 Rbc8 26. b3 Nd6 27. a4 a5 28. Nd2 $11 (28. Na3 $14) 28... Kf7 (
28... Nf5 $142 $1 $11) 29. Nb2 (29. g4 $14) 29... Nf5 $15 {[%mdl 1024] Schwarz
hat Kompensation.} 30. Kd3 {[#]} Nd7 $1 31. b4 e5 32. g4 Nd4 $4 {[%mdl 8192]}
33. cxd4 $18 {[%mdl 64] Abzugsangriff. Weiß steht klar auf Gewinn.} Rxc2 34.
Rxc2 Rxc2 35. Kxc2 axb4 36. fxe5 fxe5 37. dxe5 Nxe5 38. Kb3 Nc6 39. Nd3 Ke6 40.
Nxb4 Na5+ 41. Kc3 Ke5 42. Nd3+ Kd6 43. Nb3 Nb7 44. Nb4 Ke5 45. Nd3+ Kd6 46. Kb4
Kc6 47. Nd4+ Kb6 48. Nf4 1-0

[Event "MTV Ingolstadt 1-SK Landau-Dingolfing 1"]
[Site "?"]
[Date "2025.02.02"]
[Round "6.5"]
[White "Theiss, Johann"]
[Black "Vollnhals, Michael"]
[Result "0-1"]
[WhiteElo "1911"]
[BlackElo "2052"]
[Annotator "Stockfish 17"]
[PlyCount "88"]
[EventDate "2025.??.??"]
[WhiteTeam "SK Landau-Dingolfing 1"]
[BlackTeam "MTV Ingolstadt 1"]

{[%evp 12,88,9,7,13,13,35,34,42,30,59,3,20,4,4,8,15,16,18,17,24,19,52,21,25,17,
19,19,22,12,14,0,0,0,0,0,0,0,0,0,3,0,4,0,0,-6,0,0,-3,-4,-4,0,0,0,0,-557,-557,
-533,-532,-623,-625,-628,-768,-691,-710,-941,-943,-1074,-1051,-1070,-1017,
-1022,-1028,-787,-1010,-959,-919,-843,-834]} 1. e4 e6 2. d4 d5 3. exd5 exd5 4.
Bd3 Bd6 5. Ne2 Ne7 6. Bf4 O-O 7. O-O Nbc6 8. c3 Ng6 9. Bxd6 Qxd6 10. Nd2 Nce7
11. Re1 Bf5 12. Bxf5 Nxf5 13. Ng3 Nxg3 14. hxg3 b6 15. Qa4 a5 16. Re3 b5 17.
Qc2 (17. Qxb5 Rfb8 18. Qa4 Rxb2 19. Nb3 c6 20. Nc5 $14) 17... a4 18. Rae1 Qd7
19. Nf3 Rfe8 20. Ne5 Nxe5 21. Rxe5 Rxe5 22. Rxe5 $11 {[%mdl 4096] Endspiel
KDT-KDT} f6 23. Re3 Re8 24. Qe2 (24. Rxe8+ {ist vielschichtiger.} Qxe8 25. Qf5
c6 26. Kf1 h6 27. g4) 24... Rxe3 25. Qxe3 $11 {KD-KD  kann man dieses
Q-Endspiel verlieren?} Kf7 26. Qe2 c6 27. g4 Qd6 28. g3 Qe6 29. Qxe6+ Kxe6 {
KB-KB} 30. f4 f5 31. g5 Kf7 32. b3 Kg6 33. bxa4 $2 {[%mdl 8192] der
spielentscheidende Fehler} (33. Kg2 Kh5 34. Kh3 Kg6 35. Kg2 Kh5 36. Kh3 $11 (
36. bxa4 $4 bxa4 37. Kf3 a3 $19)) 33... bxa4 $19 {[%cal Bb5a4,Ba4a3][%mdl 32]
Schwarz steht klar auf Gewinn.} 34. Kg2 Kh5 35. Kh3 {[#]} a3 $1 36. Kg2 Kg4 37.
Kf2 h6 38. gxh6 gxh6 39. Kg2 h5 40. Kf2 h4 41. gxh4 Kxh4 42. Kf3 {[#]} Kh3 $1 {
[%cal Rh3h4]} 43. Kf2 Kg4 44. Ke3 Kg3 0-1

[Event "MTV Ingolstadt 1-SK Landau-Dingolfing 1"]
[Site "?"]
[Date "2025.02.02"]
[Round "6.6"]
[White "Hausmann, Kai"]
[Black "Huber, Florian"]
[Result "1/2-1/2"]
[WhiteElo "2027"]
[BlackElo "1846"]
[Annotator "Stockfish 17"]
[PlyCount "56"]
[EventDate "2025.??.??"]
[WhiteTeam "MTV Ingolstadt 1"]
[BlackTeam "SK Landau-Dingolfing 1"]

{[%evp 12,56,12,12,61,0,-11,-6,-1,-3,7,-27,-25,-26,-26,-36,-39,-40,-27,-34,-11,
-20,-18,-21,-21,-22,-23,-25,7,-16,-17,-18,-15,-21,-20,-14,-17,-49,-24,-32,-22,
-20,-14,-13,-13,-12,-11]} 1. Nf3 d5 2. d4 Nf6 3. e3 c6 4. Bd3 Bg4 5. Nbd2 Nbd7
6. h3 Bh5 7. O-O e5 {Und ...e4 würde nun gewinnen.} 8. dxe5 (8. e4 $14) 8...
Nxe5 $11 {[%mdl 64] [#] Fesselung} 9. Be2 Nxf3+ 10. Bxf3 Bg6 11. b3 Bd6 12. Bb2
Bc7 13. Re1 $6 (13. c4 $11) 13... Qd6 14. Nf1 O-O 15. Qe2 Rad8 16. Red1 Qe6 17.
Rac1 Ne4 18. c4 dxc4 19. Rxc4 $11 Nd6 20. Rcc1 Ne4 21. Rxd8 Rxd8 22. Rd1 Rxd1
23. Qxd1 Qd6 24. Qxd6 Nxd6 25. Be2 Bb1 26. a3 $1 $11 Ba2 27. Nd2 Ba5 28. b4 Bd8
1/2-1/2

[Event "MTV Ingolstadt 1-SK Landau-Dingolfing 1"]
[Site "?"]
[Date "2025.02.02"]
[Round "6.7"]
[White "Fuchsgruber, Helmut"]
[Black "Freundorfer, Josef"]
[Result "0-1"]
[WhiteElo "1804"]
[BlackElo "2014"]
[Annotator "Stockfish 17"]
[PlyCount "70"]
[EventDate "2025.??.??"]
[WhiteTeam "SK Landau-Dingolfing 1"]
[BlackTeam "MTV Ingolstadt 1"]

{[%evp 15,70,22,11,-22,9,-49,-43,-43,-39,-48,36,19,45,49,63,57,70,75,93,31,32,
-9,4,-19,5,-20,-22,-418,-425,-399,-410,-397,-370,-351,-322,-438,-446,-457,-458,
-443,-421,-534,-493,-499,-487,-492,-445,-491,-486,-493,-462,-509,-509,-511,
-504,-503,-499]} 1. Nf3 Nf6 2. g3 g6 3. Bg2 Bg7 4. d4 d6 5. O-O O-O 6. c4 Nbd7
7. Nc3 e5 8. Bg5 h6 9. Bd2 Re8 10. e4 $6 (10. dxe5 dxe5 11. Rc1 (11. e4 $142
$11 Nc5 12. Qc1) 11... c6 (11... e4 $5) 12. Qc2 Nf8 13. e4 Qc7 14. h3 Ne6 {
Kientzler,Isabelle - Nuenchert,Eveline BL w 1993}) 10... exd4 $1 11. Nxd4 Nc5 {
[%cal Rf6e4]} 12. Qc2 {[#]} a5 $6 (12... Nfxe4 $1 $15 13. Nxe4 Nxe4 14. Bxe4
Bxd4 15. Bxh6 Bh3 16. Bg2 {mit hauchdünnem Plus für Schwarz}) 13. Rfe1 a4 14.
Rad1 c6 15. Bf4 $14 Nh5 16. Be3 {zielt auf Sxc6! ab.} Qe7 17. Bf3 (17. f3 $142
$1) 17... Nf6 $1 $14 18. Bf4 Nfd7 19. Qd2 Kh7 20. Bg4 Ne5 21. Bxe5 $4 {[%mdl
8192] [#]} (21. Bxc8 $11 Rexc8 22. Qe2) 21... dxe5 $19 22. Nf5 (22. Bxc8 exd4 {
ändert nichts, der Weiße verliert 1 Figur}) 22... gxf5 23. exf5 Qf6 24. Qe3
Bf8 25. f4 Bxf5 {Schwarz steht klar auf Gewinn.} 26. Bxf5+ Qxf5 27. fxe5 Re6
28. Rd4 Rae8 {[%cal Re6e5]} 29. Rf4 Qxe5 30. Rxf7+ Kg8 31. Qxe5 Rxe5 32. Ref1
Bg7 33. b4 axb3 34. axb3 R8e7 35. Rxe7 Rxe7 0-1

[Event "MTV Ingolstadt 1-SK Landau-Dingolfing 1"]
[Site "?"]
[Date "2025.02.02"]
[Round "6.8"]
[White "Muharemagic, Asim"]
[Black "Zinner, Bernhard"]
[Result "1/2-1/2"]
[WhiteElo "1946"]
[BlackElo "1767"]
[Annotator "Stockfish 17"]
[PlyCount "85"]
[EventDate "2025.??.??"]
[WhiteTeam "MTV Ingolstadt 1"]
[BlackTeam "SK Landau-Dingolfing 1"]

{[%evp 9,85,4,86,77,104,67,73,54,70,31,50,49,68,75,43,-11,-10,-47,-39,-56,-11,
-68,-19,-161,-144,-181,-173,-159,-144,-169,-174,-144,12,-103,-106,-173,0,0,0,0,
0,-24,-22,-109,-109,-112,0,0,0,0,0,-25,-27,-46,-6,-10,-6,-6,-8,-14,-18,-17,-6,
-18,0,-5,-3,-3,-4,-3,0,0,0,-15,-9,-46,0,0]} 1. e4 d5 2. exd5 Qxd5 3. Nc3 Qa5 4.
b4 $5 Qb6 (4... Qxb4 $5 5. Rb1 Qd6 6. Nf3 Nf6 7. d4 g6 $11) 5. Nd5 Qe6+ $6 (
5... Qd6 $1 $11 6. Ne3 Qxb4) 6. Ne3 $16 Nf6 7. Bc4 Qb6 8. Nf3 e6 9. Bb2 Bxb4
10. Rb1 {Und a3 würde nun gewinnen.} Qd6 11. Be5 $44 {[%mdl 1024]} Qe7 12. O-O
(12. Bxf6 $5 gxf6 13. O-O $11 (13. c3 Bd6 $11)) 12... Bd6 13. d4 O-O $15 14.
Re1 Rd8 15. Qe2 Nc6 16. Rb5 $2 (16. Bxf6 $11 {und Weiss muss sich keine Sorgen
machen.} Qxf6 17. c3) 16... a6 $19 17. Bxd6 Qxd6 (17... Rxd6 18. Rbb1 $15) 18.
Rg5 {ein recht seltsames Turmmanöver} h6 (18... Nxd4 19. Nxd4 h6 20. Rg3 $16)
19. Rg3 b5 $1 ({Minderwertig wäre} 19... Nxd4 20. Nxd4 Ne4 21. Rg4 $1 $16) 20.
Bb3 Bb7 $2 {verschenkt den Vorteil} (20... Ne4 $142 $17 21. Rg4 Nxd4 {- 1.95
also mit großem Vorteil} 22. Nxd4 Qxd4) 21. c3 (21. d5 $11 {bleibt in der
Remisbreite.}) 21... Ne4 $17 22. Rg4 (22. Rh3 $17) 22... Nxc3 $2 (22... Ne7 $1
$19 23. Ne5 Nxc3) 23. Qd3 $11 Nd5 ({Aber nicht} 23... h5 $2 24. Ng5 $1 $18) 24.
Nxd5 exd5 25. Ne5 {Droht Lc2 und aus.} Qb4 26. Qe3 $6 {[#]} (26. Qd1 $11) 26...
Nxe5 $1 $17 27. Qxe5 {[%csl Gg4][%cal Re5g7]} f6 $6 (27... Qf8 $17 28. Qxc7 {
[#]} Re8 $1) 28. Qe7 $1 $11 {[%cal Re7g7]} Qxe7 29. Rxe7 g5 {zielt auf ...Te8
ab.} 30. f4 Rac8 31. fxg5 fxg5 {Droht ...Te8.} (31... hxg5 {ist interessant.}
32. h4 Re8 33. Rd7 Kf8 34. Kf2 Re7) 32. h4 Re8 33. Rd7 Bc6 34. Bxd5+ Bxd5 35.
Rxd5 {[%mdl 4096] Endspiel KTT-KTT} Re2 36. hxg5 hxg5 37. Rdxg5+ Kf7 38. Kf1
Rxa2 {Schwarz will ...Th8 spielen.} 39. Re5 b4 40. Rf4+ Kg6 41. Re3 Kg5 42.
Rff3 Rd8 43. Rg3+ 1/2-1/2

[Event "SK Landau-Dingolfing 1-SV Deggendorf 2"]
[Site "?"]
[Date "2025.02.16"]
[Round "7.1"]
[White "Wisnet, Dominic"]
[Black "Albrecht, Manuel"]
[Result "1-0"]
[WhiteElo "2287"]
[BlackElo "1928"]
[Annotator "Stockfish 17"]
[PlyCount "47"]
[EventDate "2025.??.??"]
[WhiteTeam "SV Deggendorf 2"]
[BlackTeam "SK Landau-Dingolfing 1"]

{[%evp 27,47,22,29,29,21,24,74,67,154,136,471,436,478,489,466,469,778,777,833,
731,736,751]} 1. Nf3 Nf6 2. c4 d6 3. g3 g6 4. Bg2 Bg7 5. O-O O-O 6. Nc3 Nc6 7.
Rb1 ({zu} 7. d3 e5 8. Rb1 a5 9. a3 h6 {gibt es viele Partien}) 7... a5 8. a3 e5
9. d3 h6 10. b4 axb4 11. axb4 {Jirovsky,M-Istratescu,A 1/2, Pardubice op 1997}
Be6 12. b5 Ne7 13. Bb2 Qd7 14. Ra1 Bh3 (14... Rab8 15. Nd2 Bh3 16. e4 Nh5 17.
Qe2 Bxg2 18. Kxg2 f5 {Ivanhuk,V-Piket,J Roquebrune rapd 1992}) 15. Qb3 Bxg2 16.
Kxg2 c6 17. c5 dxc5 $2 (17... Rfd8 $14) 18. Nxe5 $16 Qc7 {[%mdl 8192]} (18...
Qe8 $16) 19. Rxa8 $18 {[%mdl 64] Überlastung. Weiß steht klar auf Gewinn.}
Rxa8 20. Qxf7+ {[%mdl 64] Doppelangriff} Kh7 21. Ne4 Nfd5 {[#]} (21... Nh5 $142
22. bxc6 bxc6) 22. Nd7 $1 {[%csl Gb2][%cal Rf7g7][%mdl 512]} Rg8 (22... Nf5 23.
Nef6+ Kh8 24. Ne5 Qxe5 25. Bxe5) 23. Ndf6+ Kh8 {[#]} 24. Ne8 $1 1-0

[Event "SK Landau-Dingolfing 1-SV Deggendorf 2"]
[Site "?"]
[Date "2025.02.16"]
[Round "7.2"]
[White "Popp, Michael"]
[Black "Firlbeck, Hubert"]
[Result "0-1"]
[WhiteElo "1973"]
[BlackElo "2039"]
[Annotator "Stockfish 17"]
[PlyCount "69"]
[EventDate "2025.??.??"]
[WhiteTeam "SK Landau-Dingolfing 1"]
[BlackTeam "SV Deggendorf 2"]

{[%evp 9,69,-26,-26,-27,-30,-35,-21,-91,-85,-94,-99,-141,-137,-137,-129,-152,
-144,-130,-128,-173,-71,-252,-171,-254,-257,-274,-277,-270,-199,-216,-159,-172,
-168,-204,-44,-43,-42,-46,-43,-48,-48,-103,-79,-99,-100,-160,-161,-182,-161,
-155,-156,-204,-207,-278,-270,-549,-519,-29984,-29983,-1341,-1341,-29994]} 1.
c4 Nf6 2. Nc3 c5 3. g3 e6 4. Bg2 d5 5. d3 d4 6. Ne4 Nxe4 7. Bxe4 Bd6 8. Qa4+ $6
(8. e3 $142 $11) 8... Bd7 $17 9. Qb3 Nc6 10. a3 (10. Qxb7 $2 {war nicht ratsam}
Rb8 11. Qa6 O-O $17) 10... O-O $17 11. Bg2 Qe8 12. Nf3 e5 13. O-O f5 14. Qd1 a5
(14... e4 $19 {ist viel giftiger.} 15. Nd2 e3 16. fxe3 dxe3) 15. a4 $2 {[#]} (
15. e3 $17) 15... Qg6 (15... e4 $1 16. dxe4 fxe4 $19) 16. Ne1 (16. Nh4 {
war einen Versuch wert.} Qf6 17. b3) 16... e4 $19 17. Nc2 Rae8 18. e3 Be5 (
18... dxe3 19. Bxe3 f4 $1) 19. Rb1 Bf6 20. exd4 cxd4 21. Bf4 Re6 $2 {vergibt
viel Vorteil} ({Günstiger ist} 21... Be5 $19 22. Bc1 exd3 23. Qxd3 f4 24. Qxg6
hxg6) 22. b4 axb4 23. Nxb4 Nxb4 $15 24. Rxb4 Bc6 25. a5 Be7 26. Rb1 Bc5 27. Kh1
Re7 28. Ra1 Ra8 $17 29. Qc2 Qf6 30. h4 h6 31. Kh2 g5 32. hxg5 (32. Bd2) 32...
hxg5 33. Bd2 {[#]} (33. Bxg5 $19 Qxg5 34. Rh1) 33... Rh7+ 34. Kg1 Qh6 {[%csl
Gh7][%cal Rh6h2]} 35. Rfe1 (35. Rfe1 e3 $1 36. Bxc6 (36. f3 Bxf3 37. Bxe3 dxe3
{[%eval 32762,0]}) 36... Qh2+ 37. Kf1 Qxf2#) 0-1

[Event "SK Landau-Dingolfing 1-SV Deggendorf 2"]
[Site "?"]
[Date "2025.02.16"]
[Round "7.3"]
[White "Doerfler, Guenther"]
[Black "Schultes, Christoph"]
[Result "0-1"]
[WhiteElo "1973"]
[BlackElo "1961"]
[Annotator "Stockfish 17"]
[PlyCount "94"]
[EventDate "2025.??.??"]
[WhiteTeam "SV Deggendorf 2"]
[BlackTeam "SK Landau-Dingolfing 1"]

{[%evp 16,94,-40,-35,-25,-23,52,54,56,55,46,55,52,27,29,26,25,29,62,20,81,-318,
-37,-281,-286,-283,-286,-281,-269,-278,-271,-312,-297,-312,-311,-313,-221,-211,
-217,-211,-217,-238,-233,-245,-120,-114,-112,-138,-136,-165,-129,-136,-43,-168,
-113,-123,-122,-125,-118,-99,-42,-197,-197,-205,-213,-213,-38,-200,-198,-415,
-395,-393,-369,-373,-347,-530,-529,-29990,-29991,-29990,-29991]} 1. e4 c5 2.
Nf3 g6 3. g3 Bg7 4. Bg2 Nc6 5. O-O d6 6. c3 e5 7. d3 Nge7 8. Nbd2 O-O 9. a4 Rb8
10. Nc4 f6 11. d4 $14 cxd4 12. cxd4 Bg4 13. d5 Nd4 14. Be3 f5 15. Bxd4 fxe4 16.
Bxa7 exf3 {[#]} 17. Re1 $1 Rc8 ({Natürlich nicht} 17... fxg2 $6 18. Qxg4 Qc8
19. Qe4 $16) (17... Ra8 $11 18. Bb6 Qd7) (17... Ra8 18. Bb6) 18. Ne3 $2 {
[%mdl 8192] ein grober Fehler, der alles verdirbt} (18. Bf1 $16) 18... h5 $2 ({
Auf keinen Fall} 18... fxg2 19. Qxg4 Ra8 20. Nc4 $19 Rxa7 21. Qe6+ Kh8 22. Nxd6
) (18... Bd7 $19 19. Bxf3 Qa5) 19. Nxg4 $2 (19. Bf1 $11 Qa5 20. Nxg4 hxg4 21.
Be3 {bleibt im Remisbereich}) 19... fxg2 $19 ({Schwächer ist} 19... hxg4 20.
Bf1 $15) 20. a5 hxg4 21. Qxg4 Qe8 22. Qe6+ Qf7 23. Qxd6 Nxd5 24. Re2 Rc6 25.
Qa3 b6 26. Bxb6 Nxb6 27. axb6 Rxb6 28. Kxg2 Rb3 29. Qa6 Qb7+ (29... Rb4 $19 {
ist viel giftiger. zielt auf ...e4 ab.} 30. Kg1 e4) 30. Qxb7 $17 Rxb7 31. Ra2
Rfb8 32. f3 Rb5 33. h4 Bh6 $2 {und der Sieg ist in weiter Ferne} ({Besser ist} 
33... Bf8 $17 {Und ...T8b6 würde nun gewinnen.} 34. Kh3 Bd6) 34. Rc2 (34. b4
$15 R8b6 35. Ra5 Bg7 36. Rxb5 Rxb5 37. Re4 $15) 34... Be3 $17 35. Kh3 Bd4 {
[%cal Rb5b2]} 36. Kg4 Rxb2 37. Raxb2 Rxb2 {[%mdl 4096] Endspiel KTL-KT} 38.
Rc8+ $2 (38. Rxb2 $15 Bxb2 39. h5 gxh5+ 40. Kf5 Kh7 41. f4 Kh6 42. Ke4 Kg6 43.
Kf3 Kf5 44. fxe5 Bxe5 $11 {ist klar remis}) 38... Kg7 $19 39. h5 gxh5+ 40. Kxh5
Rb6 $2 $11 ({Günstiger ist} 40... Kf6 $19 {Und weiter mit ...Ke6 wäre nett.}
41. Kg4 Rg2 42. Rc6+ Kf7) 41. Rc7+ $2 (41. Rc4 $1 $15 Rh6+ 42. Kg4 Rg6+ 43. Kh5
Rxg3 44. f4 $11 {mit technischem Remis}) 41... Kf6 42. Rc4 $2 (42. Rc8 {
war einen Versuch wert.}) 42... Kf5 43. Rc8 Rf6 44. Rg8 Be3 {[%csl Ge3][%cal
Rf6h6]} 45. f4 {[#]} (45. Rh8 $142) 45... Bxf4 $1 {[%csl Gf4][%cal Rf6h6]} 46.
Rg5+ Bxg5 {[%csl Gg5][%cal Rf6h6]} 47. g4+ Ke6 0-1